Kỹ thuật trồng cây thuốc

Nội dung sách gồm kỹ thuật trồng, thu hái và sơ bộ chế biến cây thuốc; kỹ thuật trồng và sơ chế cây thuốc; thu hoạch, chế biến và bảo quan cây thuốc.

সংরক্ষণ করুন:
গ্রন্থ-পঞ্জীর বিবরন
প্রধান লেখক: Nguyễn, Minh Khởi
বিন্যাস: গ্রন্থ
ভাষা:Undetermined
প্রকাশিত: Hà Nội Nông nghiệp 2013
বিষয়গুলি:
ট্যাগগুলো: ট্যাগ যুক্ত করুন
কোনো ট্যাগ নেই, প্রথমজন হিসাবে ট্যাগ করুন!
Thư viện lưu trữ: Trung tâm Học liệu Trường Đại học Cần Thơ
LEADER 00978nam a2200229Ia 4500
001 CTU_184090
008 210402s9999 xx 000 0 und d
020 |c 112500 
082 |a 633.88 
082 |b Kh462 
100 |a Nguyễn, Minh Khởi 
245 0 |a Kỹ thuật trồng cây thuốc 
245 0 |c Nguyễn Minh Khởi, Nguyễn Văn Thuận, Ngô Quốc Luật đồng chủ biên 
260 |a Hà Nội 
260 |b Nông nghiệp 
260 |c 2013 
520 |a Nội dung sách gồm kỹ thuật trồng, thu hái và sơ bộ chế biến cây thuốc; kỹ thuật trồng và sơ chế cây thuốc; thu hoạch, chế biến và bảo quan cây thuốc. 
526 |a Sản xuất cây dược liệu 
526 |b NNC604 
650 |a Cây thuốc,Botaby, medical,Medicinal plants 
904 |i Tuyến 
980 |a Trung tâm Học liệu Trường Đại học Cần Thơ